Project Management for Designers and Facilities Managers (Record no. 7817)

000 -LEADER
fixed length control field 00390nam a2200157 4500
003 - CONTROL NUMBER IDENTIFIER
control field OSt
005 - DATE AND TIME OF LATEST TRANSACTION
control field 20200522124241.0
008 - FIXED-LENGTH DATA ELEMENTS--GENERAL INFORMATION
fixed length control field 200522b ||||| |||| 00| 0 eng d
020 ## - INTERNATIONAL STANDARD BOOK NUMBER
International Standard Book Number 9788131522332
082 ## - DEWEY DECIMAL CLASSIFICATION NUMBER
Classification number 658.404BIR
100 ## - MAIN ENTRY--PERSONAL NAME
Personal name Howard G. Birnberg
245 ## - TITLE STATEMENT
Title Project Management for Designers and Facilities Managers
250 ## - EDITION STATEMENT
Edition statement 3rd ed.
260 ## - PUBLICATION, DISTRIBUTION, ETC. (IMPRINT)
Name of publisher, distributor, etc Cengage India
942 ## - ADDED ENTRY ELEMENTS (KOHA)
Source of classification or shelving scheme
Holdings
Withdrawn status Lost status Source of classification or shelving scheme Damaged status Koha normalized classification for sorting Not for loan Permanent location Current location Date acquired Full call number Barcode Date last seen Price effective from Koha item type
        658_000000000000000_404BIR   BMS College of Architecture, Design and Planning BMS College of Architecture, Design and Planning 2020-05-22 658.404BIR AR-RD84 2020-05-22 2020-05-22 R&D Books
Copyright © 2025, The Librarian, Library and Information Centre, BMSCA D&P, Bengaluru. All Rights Reserved
web counter

Powered by Koha